000 00706nam a2200289Ia 4500
005 20260324133229.0
008 008 260324s9999 xx 000 0 eng d
020 _a9780203420799
037 _aEBOOK
040 _aCRL
040 _beng
040 _cCRL
041 _2eng
041 _aeng
084 _qCRL
100 _aPauline Rennie Peyton
_91192288
245 0 _aDignity at Work
245 0 _bEliminate Bullying and Create and a Positive Working Environment
260 _bTaylor and Francis
260 _c2003
365 _a
365 _b160
856 _uhttp://www.taylorfrancis.com/books/9780203420799
942 _cEBOOK
999 _c1791158
_d1791158